000 00702nam a2200241Ia 4500
005 20250508164544.0
008 008 250505s9999 xx 000 0 eng d
020 _a0-415-03643-7
037 _aReference
040 _aFEDL
_beng
_cFEDL
041 _aeng
_2eng
084 _a370.193 41, GRU/RR
_qFEDL
100 _aGrugeon Elizabeth
_912815
245 0 _aEducating all: Multicultural perspectives in the primary school
260 _aLondon, UK
_bRoutledge
_c1990
300 _axi,244p.
365 _aGBP
_b35
546 _aMACESE
650 _aEducational sociology
700 _a Woods Peter
_9778439
942 _cREF
_h370.193 41, GRU/RR
999 _c1389773
_d1389773